000 00927nac a22002771u 4500
003 EG-ScBUE
005 20221214122536.0
008 221214s1999 stkae f b 001 0 eng d
020 _a1856691543
020 _a9781856691543
040 _aEG-ScBUE
_beng
_erda
_cEG-ScBUE
_dEG-ScBUE
082 0 4 _a728.0904
_bSUD
_222
100 1 _aSudjic, Deyan,
_eauthor.
245 1 0 _aHome :
_bthe twentieth century house /
_cDeyan Sudjic, Tulga Beyerle
264 1 _aGlasgow :
_bLaurence King,
_c1999.
300 _a240 pages :
_billustrations, plans ;
_c30 cm
336 _2rdacontent
_atext
_btxt
337 _2rdamedia
_aunmediated
_bn
338 _2rdacarrier
_avolume
_bnc
504 _aIncludes bibliographical references and index.
650 7 _aArchitecture, Domestic
_xExhibitions
_zScotland
_zGlasgow.
_2BUEsh
653 _bENGARC
655 _vReading book
700 1 _aBeyerle, Tulga,
_eauthor.
942 _cBB
_2ddc
999 _c3364
_d3364